Multiobjective programming and planning
Guardat en:
| Autor principal: | |
|---|---|
| Format: | Llibre |
| Idioma: | anglès |
| Publicat: |
Nueva York
Dover Publications
2003
|
| Matèries: | |
| Etiquetes: |
Afegir etiqueta
Sense etiquetes, Sigues el primer a etiquetar aquest registre!
|
MARC
| LEADER | 00000cam a2200000 a 4500 | ||
|---|---|---|---|
| 001 | UCG8076 | ||
| 003 | CL-VaPUC | ||
| 008 | 111118e20030000US |||||||||||||||||eng|d | ||
| 020 | |a 0486432637 | ||
| 082 | 0 | 4 | |a 519.703 |b COH |2 21 |
| 100 | 0 | |a Cohon, Jared L |e author |9 558625 | |
| 245 | 1 | 0 | |a Multiobjective programming and planning |
| 300 | |a 333 p | ||
| 942 | |c BK | ||
| 945 | |d 20111118 00:00:00 |a dcastane | ||
| 260 | |a Nueva York |b Dover Publications |c 2003 | ||
| 650 | 0 | |a Programación de computadores |9 259531 | |
| 650 | 7 | |a PROGRAMACION MULTIPLE |2 CL-VaPUC |9 558626 | |
| 650 | 0 | |a Proceso de datos |9 259776 | |
| 650 | 0 | |a Toma de decisiones |9 257530 | |
| 583 | |a last modification |c 20111118 11:09:00 |k Rodrigo Vera | ||
| 999 | |c 345715 |d 345713 | ||
| 952 | |0 0 |1 0 |4 0 |6 519_703000000000000_COH_2003 |7 0 |8 A |9 445521 |a BIBING |b BIBING |d 2019-11-22 |i 4803094 |o 519.703 COH 2003 |p 4803094 |r 2025-01-20 |w 2019-11-22 |y BK |k EII | ||